[Event "SK Münster 3 - Gütersloher SV 1"]
[Site "NRW-Klasse - Gruppe 2 2019/20"]
[Date "2019.11.03"]
[Round "3.4"]
[White "Ollech, Dirk"]
[Black "Wulfhorst, Noah"]
[Result "1/2-1/2"]
[WhiteElo "1870"]
[BlackElo "1973"]
[PlyCount "23"]
[EventDate "2019.??.??"]
[SourceVersionDate "2020.03.16"]
[WhiteTeam "SK Münster 3"]
[BlackTeam "Gütersloher SV 1"]

1. c4 c5 2. g3 g6 3. Bg2 Bg7 4. Nc3 Nc6 5. Nf3 e6 6. b3 Nf6 7. Bb2 O-O 8. O-O
b6 9. d4 Bb7 10. e3 Ne7 11. Qe2 cxd4 12. Nxd4 1/2-1/2

[Event "SK Münster 3 - Gütersloher SV 1"]
[Site "NRW-Klasse - Gruppe 2 2019/20"]
[Date "2019.11.03"]
[Round "3.5"]
[White "Neumann, Theodor"]
[Black "Meyer, Ulrich"]
[Result "1-0"]
[WhiteElo "1927"]
[BlackElo "1865"]
[PlyCount "63"]
[EventDate "2019.??.??"]
[SourceVersionDate "2020.03.16"]
[WhiteTeam "Gütersloher SV 1"]
[BlackTeam "SK Münster 3"]

1. e4 c5 2. Nc3 Nc6 3. f4 e6 4. Nf3 d5 5. Bb5 Nge7 6. exd5 exd5 7. Qe2 d4 8.
Bxc6+ bxc6 9. Ne4 Bf5 10. Ng3 Bg4 11. O-O Qd5 12. h3 Bxf3 13. Rxf3 Qe6 14. Qf2
f5 15. b3 O-O-O 16. Ba3 Nd5 17. Re1 Qd7 18. Qe2 Bd6 19. Qa6+ Kb8 20. Qa5 Bc7
21. Qxc5 Bb6 22. Qc4 Rhe8 23. Rxe8 Rxe8 24. Kh2 Nf6 25. Bc5 Ne4 26. Bxb6 axb6
27. Nxe4 fxe4 28. Rf1 Qd6 29. Qf7 Rf8 30. Qxg7 Rxf4 31. Qg3 Rf6 32. Rxf6 1-0

[Event "SK Münster 3 - Gütersloher SV 1"]
[Site "NRW-Klasse - Gruppe 2 2019/20"]
[Date "2019.11.03"]
[Round "3.6"]
[White "Wingenfeld, Klaus"]
[Black "Hanhoerster, Stephan"]
[Result "1/2-1/2"]
[WhiteElo "1848"]
[BlackElo "1998"]
[PlyCount "38"]
[EventDate "2019.??.??"]
[SourceVersionDate "2020.03.16"]
[WhiteTeam "SK Münster 3"]
[BlackTeam "Gütersloher SV 1"]

1. d4 d5 2. Bf4 e6 3. e3 Nf6 4. c3 Bd6 5. Bg3 b6 6. Nd2 O-O 7. Ngf3 Bb7 8. Bd3
Ne4 9. Ne5 Nd7 10. f3 Nec5 11. Bc2 Bxe5 12. dxe5 Ba6 13. Nb3 Nxb3 14. axb3 Bb5
15. Qd2 a5 16. Bd3 Bxd3 17. Qxd3 Qg5 18. Qd4 Nc5 19. Ra3 Qf5 1/2-1/2

[Event "SK Münster 3 - Gütersloher SV 1"]
[Site "NRW-Klasse - Gruppe 2 2019/20"]
[Date "2019.11.03"]
[Round "3.7"]
[White "Lueckner, Andreas"]
[Black "Baumann, Stephan"]
[Result "0-1"]
[WhiteElo "1933"]
[BlackElo "1943"]
[PlyCount "96"]
[EventDate "2019.??.??"]
[SourceVersionDate "2020.03.16"]
[WhiteTeam "Gütersloher SV 1"]
[BlackTeam "SK Münster 3"]

1. d4 Nf6 2. Nf3 c5 3. d5 e6 4. Nc3 exd5 5. Nxd5 Nxd5 6. Qxd5 Nc6 7. e4 d6 8.
Ng5 Qc7 9. Bc4 Ne5 10. Bb5+ Bd7 11. Bxd7+ Qxd7 12. Bf4 Nc6 13. O-O-O Nb4 14.
Qb3 h6 15. Nf3 Qg4 16. Bg3 Be7 17. a3 Nc6 18. Qxb7 Rc8 19. h3 Qe6 20. Bxd6 O-O
21. Bxe7 Nxe7 22. Qd7 Qxe4 23. Rhe1 Qf4+ 24. Qd2 Qc7 25. Qd6 Qxd6 26. Rxd6 Rc7
27. Ne5 Nf5 28. Rd7 Rfc8 29. Red1 Nd4 30. c3 f6 31. cxd4 cxd4+ 32. Rxc7 Rxc7+
33. Nc4 Rxc4+ 34. Kd2 Kf7 35. Rc1 Rxc1 36. Kxc1 Ke6 37. Kd2 Kd5 38. Kd3 g6 39.
b4 h5 40. a4 g5 41. g3 g4 42. h4 f5 43. a5 a6 44. b5 axb5 45. a6 Kc6 46. a7 Kb7
47. a8=Q+ Kxa8 48. Kxd4 Kb7 0-1

[Event "SK Münster 3 - Gütersloher SV 1"]
[Site "NRW-Klasse - Gruppe 2 2019/20"]
[Date "2019.11.03"]
[Round "3.8"]
[White "Guérin, Juliette"]
[Black "Asani, Baskim"]
[Result "1/2-1/2"]
[WhiteElo "1907"]
[BlackElo "1923"]
[PlyCount "100"]
[EventDate "2019.??.??"]
[SourceVersionDate "2020.03.16"]
[WhiteTeam "SK Münster 3"]
[BlackTeam "Gütersloher SV 1"]

1. e4 d6 2. d4 Nf6 3. Nc3 c6 4. f4 Qa5 5. Bd2 e5 6. Nf3 exd4 7. Nxd4 Qb6 8. Nb3
a5 9. a4 Be6 10. Bd3 Na6 11. Bxa6 Rxa6 12. h3 Be7 13. Rb1 Nd5 14. Qf3 Nb4 15.
Rc1 Nxc2+ 16. Rxc2 Bxb3 17. Rc1 Bh4+ 18. g3 Bf6 19. Nb5 Bxa4 20. Nxd6+ Kf8 21.
Nc4 Qb3 22. Qg4 g6 23. e5 Be7 24. f5 h5 25. Qf4 g5 26. Qf2 Qd3 27. Ne3 Bb5 28.
f6 Bb4 29. Bxb4+ axb4 30. Rd1 Qxd1+ 31. Nxd1 Kg8 32. Qf5 Rh6 33. Qxg5+ Rg6 34.
Qh4 Ra4 35. Kf2 b3 36. Qxh5 Rd4 37. Re1 Rd2+ 38. Kf3 c5 39. Qf5 Rd3+ 40. Ne3
Rd2 41. h4 Bc6+ 42. Nd5 Bxd5+ 43. Ke3 Rg2 44. Re2 R2xg3+ 45. Kd2 Be6 46. Qe4
R6g4 47. Qxb7 Rxh4 48. Qc6 c4 49. Rg2 Rxg2+ 50. Qxg2+ Rg4 1/2-1/2

[Event "SV Sundern 1 - SF Essen-Werden 1"]
[Site "NRW-Klasse - Gruppe 2 2019/20"]
[Date "2019.11.03"]
[Round "3.1"]
[White "Kaufeld, Juergen"]
[Black "Plass, Mariana-Camelia"]
[Result "1/2-1/2"]
[WhiteElo "2221"]
[BlackElo "2022"]
[PlyCount "70"]
[EventDate "2019.??.??"]
[SourceVersionDate "2020.03.16"]
[WhiteTeam "SF Essen-Werden 1"]
[BlackTeam "SV Sundern 1"]

1. e4 c5 2. Nf3 a6 3. Nc3 d6 4. d4 cxd4 5. Nxd4 Nf6 6. h3 b5 7. g4 Bb7 8. Bg2
e5 9. Nf5 b4 10. Nd5 Nxd5 11. exd5 Nd7 12. g5 Rc8 13. O-O Qc7 14. Bd2 Qxc2 15.
Qxc2 Rxc2 16. Bxb4 Rxb2 17. Nxd6+ Bxd6 18. Bxd6 Rb6 19. Ba3 h6 20. Rab1 Rxb1
21. Rxb1 Bc8 22. Rc1 Kd8 23. g6 fxg6 24. Bb4 Nf6 25. Ba5+ Ke7 26. Rc7+ Bd7 27.
Bb4+ Kf7 28. Bc3 Rc8 29. Bxe5 Rxc7 30. Bxc7 Bb5 31. a3 Bc4 32. d6 Ke6 33. Bc6
Bb5 34. Bb7 Kd7 35. h4 Ne8 1/2-1/2

[Event "SV Sundern 1 - SF Essen-Werden 1"]
[Site "NRW-Klasse - Gruppe 2 2019/20"]
[Date "2019.11.03"]
[Round "3.2"]
[White "Plass, Heinz"]
[Black "Roth, Markus"]
[Result "1/2-1/2"]
[WhiteElo "1987"]
[BlackElo "2183"]
[Annotator "Daniel"]
[PlyCount "68"]
[EventDate "2019.??.??"]
[SourceVersionDate "2020.03.16"]
[WhiteTeam "SV Sundern 1"]
[BlackTeam "SF Essen-Werden 1"]

1. d4 d5 2. c4 dxc4 3. Nf3 Nf6 4. e3 Bg4 5. Bxc4 e6 6. h3 Bh5 7. O-O Bd6 8. Nc3
Nc6 9. Be2 O-O 10. a3 a6 11. b4 Qe7 12. Bb2 Rad8 13. Qb3 $11 e5 14. d5 e4 15.
dxc6 exf3 16. gxf3 bxc6 17. f4 Bxe2 18. Nxe2 Nd5 19. Kh2 f6 20. Ng3 Kh8 21. Rg1
Qe6 22. Qc2 Rb8 23. Qf5 Qe7 24. Rac1 Rb5 25. Qe4 Qd7 26. Qc4 Ne7 27. Bc3 Nf5
28. a4 Rd5 29. Nxf5 Qxf5 30. Rg3 a5 31. bxa5 Rc5 32. Qd4 Rd5 33. Qc4 Rc5 34.
Qd4 Rd5 1/2-1/2

[Event "SV Sundern 1 - SF Essen-Werden 1"]
[Site "NRW-Klasse - Gruppe 2 2019/20"]
[Date "2019.11.03"]
[Round "3.3"]
[White "Berger, Konstantin"]
[Black "Kevekordes, Peter"]
[Result "1/2-1/2"]
[WhiteElo "2094"]
[BlackElo "1910"]
[PlyCount "60"]
[EventDate "2019.??.??"]
[SourceVersionDate "2020.03.16"]
[WhiteTeam "SF Essen-Werden 1"]
[BlackTeam "SV Sundern 1"]

1. e4 c6 2. d4 d5 3. e5 c5 4. dxc5 Nc6 5. Nf3 Bg4 6. c3 e6 7. Be3 Bxf3 8. Qxf3
Nxe5 9. Bb5+ Nc6 10. O-O Nge7 11. b4 Nf5 12. Bf4 Be7 13. Nd2 Bg5 14. Rfd1 Bxf4
15. Qxf4 O-O 16. Nf3 Qb8 17. Qxb8 Raxb8 18. a4 Rfd8 19. Rab1 Nfe7 20. Kf1 Rbc8
21. Ke1 Kf8 22. Nd4 e5 23. Bxc6 bxc6 24. Nb3 Rb8 25. Na5 a6 26. c4 dxc4 27.
Nxc4 Rxd1+ 28. Rxd1 Nd5 29. Rxd5 cxd5 30. Nb6 Ke8 1/2-1/2

[Event "SV Sundern 1 - SF Essen-Werden 1"]
[Site "NRW-Klasse - Gruppe 2 2019/20"]
[Date "2019.11.03"]
[Round "3.4"]
[White "Szczesny, Patrick"]
[Black "ter Steeg, Marcus"]
[Result "0-1"]
[WhiteElo "1558"]
[BlackElo "2023"]
[PlyCount "26"]
[EventDate "2019.??.??"]
[SourceVersionDate "2020.03.16"]
[WhiteTeam "SV Sundern 1"]
[BlackTeam "SF Essen-Werden 1"]

1. e4 e5 2. Nf3 Nc6 3. d4 exd4 4. Nxd4 Nf6 5. Nxc6 bxc6 6. e5 Qe7 7. Qe2 Nd5 8.
c4 Ba6 9. b3 g6 10. g3 Bg7 11. f4 O-O 12. Qf2 Bxe5 13. Qe2 Bxa1 0-1

[Event "SV Sundern 1 - SF Essen-Werden 1"]
[Site "NRW-Klasse - Gruppe 2 2019/20"]
[Date "2019.11.03"]
[Round "3.6"]
[White "Henneboehle, Peter"]
[Black "Huette, Stefan"]
[Result "0-1"]
[WhiteElo "1398"]
[BlackElo "1994"]
[PlyCount "80"]
[EventDate "2019.??.??"]
[SourceVersionDate "2020.03.16"]
[WhiteTeam "SV Sundern 1"]
[BlackTeam "SF Essen-Werden 1"]

1. d4 d5 2. c4 Bf5 3. cxd5 Bxb1 4. Rxb1 Qxd5 5. a3 Nc6 6. Nf3 Rd8 7. Bf4 Qa5+
8. Qd2 Nxd4 9. Nxd4 Qxd2+ 10. Bxd2 Rxd4 11. Be3 Ra4 12. g3 Nf6 13. Bg2 c6 14.
Rc1 Nd7 15. O-O e6 16. Rfd1 Ra6 17. Rd2 Be7 18. Rcd1 Nf6 19. Bg5 O-O 20. Rd7
Nxd7 21. Bxe7 Nf6 22. Bxf8 Kxf8 23. Rd8+ Ke7 24. Rd3 Rb6 25. b4 Ne8 26. f4 Nd6
27. Rc3 Nb5 28. Re3 Ra6 29. a4 Rxa4 30. f5 Rxb4 31. fxe6 fxe6 32. Bh3 Nc7 33.
Bf5 g6 34. Be4 a5 35. Kf2 a4 36. Bc2 Nb5 37. Ke1 a3 38. Rb3 a2 39. Rxb4 a1=Q+
40. Rb1 Qc3+ 0-1

[Event "SV Sundern 1 - SF Essen-Werden 1"]
[Site "NRW-Klasse - Gruppe 2 2019/20"]
[Date "2019.11.03"]
[Round "3.7"]
[White "Rehfeldt, Jens"]
[Black "Kaiser, Hubertus"]
[Result "1-0"]
[WhiteElo "1938"]
[BlackElo "1282"]
[PlyCount "99"]
[EventDate "2019.??.??"]
[SourceVersionDate "2020.03.16"]
[WhiteTeam "SF Essen-Werden 1"]
[BlackTeam "SV Sundern 1"]

1. e4 c5 2. Nc3 Nc6 3. Bb5 Nd4 4. Bc4 g6 5. Nge2 Bg7 6. Nxd4 cxd4 7. Qf3 e6 8.
Nb5 d6 9. Qa3 Bf8 10. Nxd4 Qb6 11. Qd3 Nf6 12. Bb5+ Bd7 13. a4 a5 14. O-O e5
15. Bxd7+ Nxd7 16. Nb5 Be7 17. b3 O-O 18. Qh3 f5 19. d3 Nc5 20. exf5 Rxf5 21.
Be3 Qc6 22. d4 Ne4 23. c4 Ng5 24. Qg4 Raf8 25. h4 Qe4 26. Qxe4 Nxe4 27. Bh6
R8f7 28. f3 Ng3 29. Rfe1 exd4 30. Nxd4 Re5 31. f4 Rxe1+ 32. Rxe1 Nf5 33. Nxf5
gxf5 34. Re6 b6 35. Kf1 Rf6 36. Rxe7 Rxh6 37. g3 Kf8 38. Rb7 Rg6 39. Kf2 d5 40.
cxd5 h6 41. h5 Rd6 42. Ke3 Rxd5 43. Rxb6 Ke7 44. Rxh6 Rd1 45. Rb6 Re1+ 46. Kd4
Rd1+ 47. Ke5 Rg1 48. h6 Kf7 49. Kxf5 Rxg3 50. Rb7+ 1-0

[Event "SV Sundern 1 - SF Essen-Werden 1"]
[Site "NRW-Klasse - Gruppe 2 2019/20"]
[Date "2019.11.03"]
[Round "3.8"]
[White "Hoff, Maximilian"]
[Black "Mohnke, Martin"]
[Result "0-1"]
[WhiteElo "1153"]
[BlackElo "1921"]
[PlyCount "68"]
[EventDate "2019.??.??"]
[SourceVersionDate "2020.03.16"]
[WhiteTeam "SV Sundern 1"]
[BlackTeam "SF Essen-Werden 1"]

1. e4 c5 2. Nf3 e6 3. d4 cxd4 4. Nxd4 Nc6 5. Be3 Nf6 6. Nc3 Qc7 7. Qd2 a6 8. a3
b5 9. f3 Bb7 10. b4 Rc8 11. Bd3 Nxd4 12. Bxd4 e5 13. Be3 Qxc3 14. Qxc3 Rxc3 15.
Kd2 Rc8 16. Rac1 Be7 17. Bf2 O-O 18. Bg3 d6 19. c3 Nh5 20. Bf2 Nf4 21. Bf1 Bg5
22. Be3 d5 23. Re1 dxe4 24. g3 Rfd8+ 25. Kc2 Nd3 26. Bxd3 exd3+ 27. Kd2 Bxe3+
28. Rxe3 e4 29. fxe4 f5 30. Rhe1 Bxe4 31. Rf1 Rd6 32. Rf2 Rdc6 33. g4 Rxc3 34.
gxf5 Rc2+ 0-1

[Event "SF Essen-Katernberg  2 - SG Turm Raesfe"]
[Site "NRW-Klasse - Gruppe 2 2019/20"]
[Date "2019.11.03"]
[Round "3.1"]
[White "Wilger, Frank"]
[Black "Gassmann, Volker"]
[Result "1/2-1/2"]
[WhiteElo "2097"]
[BlackElo "2229"]
[PlyCount "33"]
[EventDate "2019.??.??"]
[SourceVersionDate "2020.03.16"]
[WhiteTeam "SG Turm Raesfeld/Erle 1"]
[BlackTeam "SF Essen-Katernberg  2"]

1. d4 c5 2. c3 b6 3. e4 Bb7 4. Bd3 g6 5. Nf3 Bg7 6. Be3 d6 7. Nbd2 Nd7 8. O-O
Ngf6 9. h3 O-O 10. Qe2 Qc7 11. Nh2 e5 12. dxe5 dxe5 13. a4 Nh5 14. Ba6 Bc6 15.
Bb5 Bb7 16. Ba6 Bc6 17. Bb5 1/2-1/2

[Event "SF Essen-Katernberg  2 - SG Turm Raesfe"]
[Site "NRW-Klasse - Gruppe 2 2019/20"]
[Date "2019.11.03"]
[Round "3.2"]
[White "Villwock, Martin"]
[Black "Pollok, Ralf"]
[Result "0-1"]
[WhiteElo "2075"]
[BlackElo "2035"]
[PlyCount "120"]
[EventDate "2019.??.??"]
[SourceVersionDate "2020.03.16"]
[WhiteTeam "SF Essen-Katernberg  2"]
[BlackTeam "SG Turm Raesfeld/Erle 1"]

1. e4 d5 2. Nc3 Nf6 3. e5 Nfd7 4. d4 c5 5. dxc5 e6 6. Nf3 Nc6 7. Bf4 Bxc5 8.
Bd3 a6 9. Qe2 Qc7 10. O-O Nd4 11. Nxd4 Bxd4 12. Rae1 Bxc3 13. bxc3 Qxc3 14. Qg4
g6 15. h4 Nc5 16. Qg5 Nd7 17. Qg3 Qc5 18. Bh6 b5 19. Qf4 Bb7 20. Rb1 Bc6 21.
Rfe1 Rc8 22. Qg3 Nb6 23. Bd2 Nc4 24. Bb4 Qa7 25. h5 a5 26. Bd6 Nxd6 27. exd6
Qd7 28. Qe5 Rg8 29. h6 Kf8 30. Re3 Rd8 31. Bxb5 Bxb5 32. Reb3 Qxd6 33. Qxd6+
Rxd6 34. Rxb5 Ke7 35. Rxa5 Rd7 36. Rab5 Ra8 37. Rb8 Rd8 38. R8b7+ Rd7 39. Rb8
Rd8 40. R8b7+ Rd7 41. Rb8 Rda7 42. R1b7+ Kf6 43. Rxa7 Rxa7 44. Rb2 g5 45. Kf1
Kg6 46. Ke2 Kxh6 47. Kd2 Kg6 48. Kc1 h5 49. Kb1 Kf5 50. Rb4 e5 51. Kb2 h4 52.
a4 f6 53. Kb3 g4 54. Rb8 Rh7 55. Rg8 h3 56. gxh3 gxh3 57. Rg1 h2 58. Rh1 Kg4
59. a5 Kf3 60. a6 Kg2 0-1

[Event "SF Essen-Katernberg  2 - SG Turm Raesfe"]
[Site "NRW-Klasse - Gruppe 2 2019/20"]
[Date "2019.11.03"]
[Round "3.3"]
[White "Greifenberg, Daniel"]
[Black "Dahm, Bernd"]
[Result "1/2-1/2"]
[WhiteElo "2047"]
[BlackElo "2104"]
[Annotator "Daniel"]
[PlyCount "132"]
[EventDate "2019.??.??"]
[SourceVersionDate "2020.03.16"]
[WhiteTeam "SG Turm Raesfeld/Erle 1"]
[BlackTeam "SF Essen-Katernberg  2"]

1. d4 Nf6 2. c4 e6 3. Nf3 b6 4. a3 Bb7 5. Nc3 g6 6. Bg5 Bg7 7. e4 h6 8. Bxf6
Qxf6 9. Bd3 O-O 10. h4 Nc6 11. e5 Qe7 12. Qe2 d6 13. O-O-O dxe5 14. dxe5 Rfd8
15. h5 g5 16. Be4 Na5 17. Bxb7 Nxb7 18. Nh2 Qc5 19. Ng4 Na5 20. f4 gxf4 21. g3
fxg3 22. Qg2 Nxc4 23. Qxg3 Nxe5 24. Nxh6+ Kf8 25. Qf4 Qc4 26. Qg5 f6 27. Qe3
Rd3 28. Rxd3 Qxd3 29. Ng4 Qxe3+ 30. Nxe3 Bh6 31. Ncd1 Nc4 32. Re1 Ke7 33. Kc2
Nxe3+ 34. Nxe3 Bxe3 35. Rxe3 Rh8 36. Rc3 c5 37. Rh3 Rh6 38. Kd3 f5 39. Kc4 a6
40. Rb3 e5 41. Kd5 e4 42. Ke5 Re6+ 43. Kf4 b5 44. Rh3 Kf6 45. h6 Re8 46. h7 Kg7
47. Kxf5 e3 48. Rh1 e2 49. Re1 Kxh7 50. Kf4 $11 Kg6 51. Kf3 Kf5 52. Kf2 c4 53.
Rxe2 Rxe2+ 54. Kxe2 Ke4 55. Kd2 Kd4 56. Kc2 a5 57. Kd2 b4 58. axb4 axb4 59. Kd1
c3 60. Kc2 cxb2 61. Kxb2 Kc4 62. Kc2 b3+ 63. Kb2 Kb4 64. Kb1 Kc3 65. Kc1 b2+
66. Kb1 Kb3 1/2-1/2

[Event "SF Essen-Katernberg  2 - SG Turm Raesfe"]
[Site "NRW-Klasse - Gruppe 2 2019/20"]
[Date "2019.11.03"]
[Round "3.4"]
[White "Irkilmez, Yakub"]
[Black "Gesing, Felix"]
[Result "1/2-1/2"]
[WhiteElo "2047"]
[BlackElo "1986"]
[PlyCount "103"]
[EventDate "2019.??.??"]
[SourceVersionDate "2020.03.16"]
[WhiteTeam "SF Essen-Katernberg  2"]
[BlackTeam "SG Turm Raesfeld/Erle 1"]

1. d4 c5 2. d5 e6 3. Nc3 Nf6 4. e4 d6 5. Nf3 exd5 6. Nxd5 Nxd5 7. exd5 Be7 8.
Bd3 Bg4 9. O-O O-O 10. h3 Bh5 11. Re1 Nd7 12. Bf4 Bg6 13. Qe2 Re8 14. Bxg6 hxg6
15. Qd3 Qc7 16. Nd2 Bf8 17. a4 Qa5 18. Qb5 Qxb5 19. axb5 Rxe1+ 20. Rxe1 Nb6 21.
Ne4 Nxd5 22. Bxd6 Re8 23. c4 Rxe4 24. Rxe4 Nf6 25. Re3 Bxd6 26. Ra3 Bb8 27. f3
Kf8 28. Rd3 Ke7 29. Kf2 Nd7 30. Re3+ Kd8 31. g3 Be5 32. Ra3 Bxb2 33. Rxa7 Kc7
34. Ra2 Bd4+ 35. Ke2 Ne5 36. Rc2 g5 37. f4 gxf4 38. gxf4 Nd7 39. Kd3 Nf6 40.
Rg2 Ne8 41. h4 Kd6 42. Rg5 Ke6 43. h5 Nd6 44. Rg2 Kf5 45. Rg5+ Ke6 46. Rg2 Nf5
47. Ra2 Kd6 48. Ra8 Ng3 49. Rf8 f5 50. Rf7 Nxh5 51. Rxf5 Nf6 52. Rg5 1/2-1/2

[Event "SF Essen-Katernberg  2 - SG Turm Raesfe"]
[Site "NRW-Klasse - Gruppe 2 2019/20"]
[Date "2019.11.03"]
[Round "3.5"]
[White "Borutta, Niklas"]
[Black "Dette, Jan"]
[Result "1/2-1/2"]
[WhiteElo "2019"]
[BlackElo "2073"]
[PlyCount "75"]
[EventDate "2019.??.??"]
[SourceVersionDate "2020.03.16"]
[WhiteTeam "SG Turm Raesfeld/Erle 1"]
[BlackTeam "SF Essen-Katernberg  2"]

1. d4 e6 2. Nf3 f5 3. c4 Nf6 4. Nc3 Bb4 5. Bd2 O-O 6. a3 Bxc3 7. Bxc3 b6 8. g3
Ne4 9. Qc2 Bb7 10. Bg2 d5 11. Nd2 Nxc3 12. Qxc3 c6 13. O-O Nd7 14. b4 b5 15.
cxb5 cxb5 16. a4 bxa4 17. Rxa4 Qb6 18. Nb3 Bc6 19. Ra5 Rab8 20. Rfa1 Rfc8 21.
Nc5 Qxb4 22. Qxb4 Rxb4 23. Nxe6 Kf7 24. Nf4 Rxd4 25. Nxd5 Bxd5 26. Bxd5+ Kf6
27. Ra6+ Nb6 28. Bf3 Rc7 29. Rxa7 Rxa7 30. Rxa7 Rd6 31. e3 Nd7 32. Be2 Nc5 33.
h4 Rd2 34. Bf3 Nd3 35. Ra6+ Ke7 36. Ra7+ Kf6 37. Ra6+ Ke7 38. Ra7+ 1/2-1/2

[Event "SF Essen-Katernberg  2 - SG Turm Raesfe"]
[Site "NRW-Klasse - Gruppe 2 2019/20"]
[Date "2019.11.03"]
[Round "3.6"]
[White "Heldt, Maximilian"]
[Black "Broemmel, Rudolf"]
[Result "0-1"]
[WhiteElo "2077"]
[BlackElo "1940"]
[PlyCount "62"]
[EventDate "2019.??.??"]
[SourceVersionDate "2020.03.16"]
[WhiteTeam "SF Essen-Katernberg  2"]
[BlackTeam "SG Turm Raesfeld/Erle 1"]

1. c4 e5 2. g3 Nc6 3. Bg2 g6 4. Nc3 Bg7 5. e4 Nd4 6. Nge2 Nxe2 7. Nxe2 d6 8. d4
exd4 9. Nxd4 Nf6 10. O-O O-O 11. Rb1 Re8 12. Re1 Nd7 13. b3 Nc5 14. Bb2 Re7 15.
Nb5 Qf8 16. Bxg7 Qxg7 17. e5 Bf5 18. b4 Nd3 19. Re3 Nxe5 20. Rc1 Rae8 21. Bxb7
Ng4 22. Rxe7 Rxe7 23. Bf3 Qb2 24. Bxg4 Bxg4 25. Qxg4 Qxc1+ 26. Kg2 Qe1 27. Qc8+
Kg7 28. Nxc7 Re2 29. Nd5 Qxf2+ 30. Kh3 Qxh2+ 31. Kg4 f5+ 0-1

[Event "SF Essen-Katernberg  2 - SG Turm Raesfe"]
[Site "NRW-Klasse - Gruppe 2 2019/20"]
[Date "2019.11.03"]
[Round "3.7"]
[White "Hoffmann, Fabian"]
[Black "Rosen, Willy"]
[Result "0-1"]
[WhiteElo "1962"]
[BlackElo "2106"]
[PlyCount "74"]
[EventDate "2019.??.??"]
[SourceVersionDate "2020.03.16"]
[WhiteTeam "SG Turm Raesfeld/Erle 1"]
[BlackTeam "SF Essen-Katernberg  2"]

1. e4 c5 2. Nf3 Nc6 3. d4 cxd4 4. Nxd4 Qb6 5. Nb3 Nf6 6. Nc3 e6 7. Be3 Qc7 8.
a3 a6 9. f3 b5 10. Qd2 d6 11. Be2 Be7 12. O-O O-O 13. g4 b4 14. axb4 Nxb4 15.
Nd4 d5 16. g5 Ne8 17. exd5 exd5 18. f4 Nd6 19. f5 Ne4 20. Nxe4 dxe4 21. f6 Bc5
22. fxg7 Re8 23. Bh5 Re7 24. Qf2 Nd5 25. g6 hxg6 26. Bxg6 f6 27. Kh1 Rxg7 28.
Bxe4 Qe5 29. Nf3 Qxe4 30. Bxc5 Nf4 31. Rg1 Bg4 32. Rgf1 Bh3 33. Rg1 Bg2+ 34.
Rxg2 Rxg2 35. Rg1 Rxg1+ 36. Qxg1+ Kf7 37. Qg4 Rd8 0-1

[Event "SF Essen-Katernberg  2 - SG Turm Raesfe"]
[Site "NRW-Klasse - Gruppe 2 2019/20"]
[Date "2019.11.03"]
[Round "3.8"]
[White "Gallas, Noel"]
[Black "Bergemann, Martin"]
[Result "0-1"]
[WhiteElo "1918"]
[BlackElo "1920"]
[Annotator "Daniel"]
[PlyCount "104"]
[EventDate "2019.??.??"]
[SourceVersionDate "2020.03.16"]
[WhiteTeam "SF Essen-Katernberg  2"]
[BlackTeam "SG Turm Raesfeld/Erle 1"]

1. e4 c5 2. c3 d6 3. d4 Nd7 4. Nf3 e6 5. Bd3 Ngf6 6. O-O Be7 7. Nbd2 O-O 8. e5
dxe5 9. dxe5 Nd5 10. Bb1 f6 11. exf6 N7xf6 12. Qc2 Qe8 13. Ne4 Qh5 14. Ng3 Qe8
15. Ng5 g6 16. Re1 Bd6 17. N3e4 Nxe4 18. Qxe4 Bf4 19. Bd3 Bxg5 $11 20. Bxg5 Qf7
21. Qh4 Bd7 22. Re5 Rac8 23. Bh6 Qf6 24. Qg3 Rf7 25. Rae1 b6 26. h4 c4 27. Bc2
Kh8 28. Bg5 Qg7 29. R1e4 Nf6 30. Bxf6 Rxf6 31. h5 Rcf8 32. hxg6 Rxg6 33. Qh3
Bc6 34. Rxe6 Bxe4 35. Rxe4 Rg8 36. g3 Rh6 37. Qf1 b5 38. Qe2 Qg5 39. Re3 Qh4
40. Qf3 Qh2+ 41. Kf1 Qh1+ 42. Qxh1 Rxh1+ 43. Ke2 Rb8 44. a3 a5 45. Kd2 Rh6 46.
Re7 Rf8 47. Ke3 Rh2 48. Ra7 Rfxf2 49. Bxh7 Rxb2 50. Bf5 Rhe2+ 51. Kd4 Rbd2+ 52.
Kc5 Re5+ 0-1

[Event "SK Holsterhausen 1 - SV Wattenscheid 2"]
[Site "NRW-Klasse - Gruppe 2 2019/20"]
[Date "2019.11.03"]
[Round "3.1"]
[White "Schroeder, Wilfried"]
[Black "Dergatschova, Anna"]
[Result "0-1"]
[WhiteElo "2190"]
[BlackElo "2137"]
[PlyCount "120"]
[EventDate "2019.??.??"]
[SourceVersionDate "2020.03.16"]
[WhiteTeam "SV Wattenscheid 2"]
[BlackTeam "SK Holsterhausen 1"]

1. d4 d5 2. c4 Nc6 3. Nc3 e5 4. cxd5 Nxd4 5. e3 Nf5 6. Bb5+ Bd7 7. Qb3 c6 8.
dxc6 bxc6 9. Bd3 Nf6 10. Nf3 Bd6 11. O-O Qe7 12. Qc2 g6 13. e4 Ng7 14. Bh6 O-O
15. h3 Rfd8 16. Ng5 Be6 17. Bxg7 Kxg7 18. Nxe6+ Qxe6 19. Na4 Nh5 20. Bc4 Qf6
21. g3 Bb4 22. Rad1 Rd4 23. Rxd4 exd4 24. Be2 Rd8 25. a3 Be7 26. Rd1 Qg5 27. h4
Qe5 28. Bxh5 Qxh5 29. b4 Qg4 30. Kh2 Qf3 31. Nb2 Qxa3 32. Nd3 Bxb4 33. Qc4 c5
34. Ne5 Rf8 35. Rd3 Qa4 36. Rf3 Qe8 37. Qd5 Qe7 38. h5 f6 39. Ng4 gxh5 40. Qxh5
Bd2 41. e5 fxe5 42. Rxf8 Kxf8 43. Nxe5 Bg5 44. f4 Bf6 45. Ng4 Bg7 46. Qf5+ Kg8
47. Qc8+ Bf8 48. Ne5 a5 49. Qg4+ Kh8 50. Qh5 Qf6 51. Kg2 a4 52. g4 a3 53. g5
Qf5 54. Qh4 Kg8 55. Qf2 Qe4+ 56. Kh2 Qd5 57. g6 h6 58. Ng4 Qh5+ 59. Kg3 Qxg6
60. f5 Bd6+ 0-1

[Event "SK Holsterhausen 1 - SV Wattenscheid 2"]
[Site "NRW-Klasse - Gruppe 2 2019/20"]
[Date "2019.11.03"]
[Round "3.2"]
[White "Walbaum, Klaus"]
[Black "Schlehoefer, Ralf"]
[Result "0-1"]
[WhiteElo "2119"]
[BlackElo "2155"]
[PlyCount "54"]
[EventDate "2019.??.??"]
[SourceVersionDate "2020.03.16"]
[WhiteTeam "SK Holsterhausen 1"]
[BlackTeam "SV Wattenscheid 2"]

1. Nf3 Nf6 2. c4 d6 3. Nc3 e5 4. g3 c6 5. Bg2 h6 6. d3 Be6 7. O-O Qd7 8. Re1
Bh3 9. Bh1 Na6 10. Rb1 Nc7 11. c5 Ng4 12. cxd6 Bxd6 13. b4 O-O 14. Ne4 Ne6 15.
Nxd6 Qxd6 16. Bb2 Rad8 17. Nd2 Qxb4 18. Ba1 Qe7 19. Qa4 a6 20. Bf3 Nd4 21. Bxd4
exd4 22. Rb6 Nxf2 23. Qb4 c5 24. Rxb7 Qe3 25. Nc4 cxb4 26. Nxe3 dxe3 27. Rxb4
Rb8 0-1

[Event "SK Holsterhausen 1 - SV Wattenscheid 2"]
[Site "NRW-Klasse - Gruppe 2 2019/20"]
[Date "2019.11.03"]
[Round "3.3"]
[White "Lang, Daniel"]
[Black "Schwalen, Peter"]
[Result "1-0"]
[WhiteElo "2069"]
[BlackElo "2017"]
[PlyCount "50"]
[EventDate "2019.??.??"]
[SourceVersionDate "2020.03.16"]
[WhiteTeam "SV Wattenscheid 2"]
[BlackTeam "SK Holsterhausen 1"]

1. e4 c5 2. Nf3 d6 3. d4 cxd4 4. Nxd4 Nf6 5. Nc3 a6 6. Bc4 e6 7. O-O b5 8. Bb3
Be7 9. Qf3 Qb6 10. Be3 Qb7 11. Rfe1 O-O 12. a3 Re8 13. Rad1 Nbd7 14. Bg5 h6 15.
Bc1 Nc5 16. Ba2 Bd7 17. b4 Na4 18. Nxa4 bxa4 19. e5 Qxf3 20. Nxf3 dxe5 21. Nxe5
Bc8 22. Nc4 Nd5 23. Nd6 Nc3 24. Nxe8 Nxa2 25. Bb2 Bb7 1-0

[Event "SK Holsterhausen 1 - SV Wattenscheid 2"]
[Site "NRW-Klasse - Gruppe 2 2019/20"]
[Date "2019.11.03"]
[Round "3.4"]
[White "Kortenbusch, Christoph"]
[Black "Peter, Thomas"]
[Result "1/2-1/2"]
[WhiteElo "2055"]
[BlackElo "2083"]
[PlyCount "93"]
[EventDate "2019.??.??"]
[SourceVersionDate "2020.03.16"]
[WhiteTeam "SK Holsterhausen 1"]
[BlackTeam "SV Wattenscheid 2"]

1. e4 e6 2. d4 d5 3. Nc3 Bb4 4. Nge2 dxe4 5. a3 Be7 6. Nxe4 Nf6 7. Qd3 Nbd7 8.
Bf4 Nxe4 9. Qxe4 Nf6 10. Qf3 Qd5 11. Bxc7 Qxf3 12. gxf3 Bd7 13. Be5 Bc6 14. Rg1
Rg8 15. Bxf6 Bxf6 16. f4 O-O-O 17. c3 g5 18. fxg5 Bxg5 19. Rg3 e5 20. Bh3+ Kb8
21. dxe5 Bd2+ 22. Kf1 Bb5 23. Rxg8 Rxg8 24. a4 Ba6 25. Rd1 Bf4 26. b4 Bxe2+ 27.
Kxe2 Bxe5 28. Rd7 f6 29. Bf5 Bxh2 30. Rxh7 Bc7 31. Rf7 Re8+ 32. Kf3 Bd8 33. Be4
Re7 34. Rf8 Kc8 35. Bd5 Rg7 36. c4 b6 37. a5 bxa5 38. bxa5 Kd7 39. a6 Ke7 40.
Rh8 Bb6 41. Rc8 Kd7 42. Rc6 Bd4 43. Ke2 Re7+ 44. Kf3 Re8 45. Kg3 Rc8 46. Re6
Re8 47. Rxe8 1/2-1/2